[Event "Netanya op"]
[Site "Netanya"]
[Date "1987.??.??"]
[Round "1"]
[White "Birnboim, Nathan"]
[Black "Segal, Alexandru Sorin"]
[Result "1-0"]
[WhiteElo "2465"]
[BlackElo "2370"]

1.d4 Nf6 2.c4 e6 3.g3 Bb4+ 4.Nd2 O-O 5.Bg2 d5 6.Nf3 dxc4 7.Qc2 Nc6 8.Qxc4 Ne4
9.Qd3 Nxd2 10.Bxd2 Qe7 11.O-O Rd8 12.Rfd1 Bxd2 13.Qxd2 e5 14.d5 Bg4 15.Qe3 Bxf3
16.Bxf3 Nb4 17.Qb3 e4 18.Bg2 c6 19.d6 Rxd6 20.Rxd6 Qxd6 21.a3 Nd5 22.Qxb7 Rb8
23.Qxa7 Qe5 24.Bxe4 Rxb2 25.Rd1 g6 26.Bf3 Nc3 27.Rd8+ Kg7 28.Rd7 Nxe2+ 29.Bxe2 Rxe2
30.Rxf7+ Kg8 31.Rf3 Qe7 32.Qa8+ Qe8 33.Qb7 Re4 34.a4 g5 35.a5 g4 36.Qb3+ Kg7
37.Re3 Qe5 38.Qb7+ Kg8 39.Qc8+ Kf7 40.Qd7+ Kf8 41.Qxh7  1-0

[Event "URS-ch otbor"]
[Site "Norilsk"]
[Date "1987.??.??"]
[Round "?"]
[White "Gelfand, Boris"]
[Black "Vyzmanavin, Alexey"]
[Result "1/2-1/2"]
[WhiteElo "2510"]
[BlackElo "2480"]

1.d4 Nf6 2.c4 e6 3.g3 Bb4+ 4.Nd2 d5 5.Bg2 O-O 6.Nf3 Be7 7.Qc2 b6 8.e4 Bb7
9.cxd5 exd5 10.e5 Ne4 11.h4 Na6 12.Ng5 Nb4 13.Qb1 Ba6 14.Bf1 Bxf1 15.Kxf1 f5
16.Ne6 Qd7 17.Nxf8 Rxf8 18.Kg2 Qb5 19.Nf3 Qe2 20.Rf1 Nd3 21.Be3 f4 22.Qd1 Qxd1
23.Raxd1 Nxb2 24.Rb1 fxe3 25.Rxb2 Nxf2 26.Re2 Ng4 27.Nh2 Nxh2 28.Rxf8+ Kxf8
29.Kxh2 Kf7 30.Rxe3 Ke6 31.Kg2 c5 32.Ra3 c4 33.Rf3 b5 34.Kf2 b4 35.Ke2 a5
36.Kd2 a4 37.Kc2 Bd8 38.h5 h6 39.g4 Bg5 40.Rf8 Be3 41.Re8+ Kd7 42.Rb8 Bxd4
43.Rxb4 Bxe5 44.Rxa4 Kc6 45.g5 Kb5 46.Ra7 d4 47.Re7 d3+ 48.Kd2 Bd6 49.gxh6  1/2-1/2

[Event "Reggio Emilia8788-B"]
[Site "Reggio Emilia"]
[Date "1987.??.??"]
[Round "6"]
[White "Grinza, Andrea"]
[Black "Klauser, Markus"]
[Result "0-1"]
[WhiteElo "2305"]
[BlackElo "2375"]

1.d4 Nf6 2.c4 e6 3.g3 Bb4+ 4.Bd2 Qe7 5.Bg2 O-O 6.Nf3 Bxd2+ 7.Qxd2 d6 8.O-O e5
9.Nc3 a5 10.c5 e4 11.cxd6 cxd6 12.Ng5 d5 13.f3 h6 14.fxe4 hxg5 15.Qxg5 Nc6
16.exd5 Nxd4 17.Ne4 Ra6 18.Rxf6 Rxf6 19.d6 Nxe2+ 20.Kh1 Qd8 21.Nxf6+ Qxf6
22.Qxf6 gxf6 23.Rd1 Bg4 24.Rd2 Nc1 25.b3 Rb8 26.Bf1 Be6 27.Rc2 Rc8 28.Rxc8+ Bxc8
29.Bb5 Nxa2 30.d7 Bxd7 31.Bxd7 Nc3  0-1

[Event "FRA-ch"]
[Site "Rouen"]
[Date "1987.??.??"]
[Round "2"]
[White "Kappler, Jean Marie"]
[Black "Lecuyer, Christian"]
[Result "1/2-1/2"]
[WhiteElo "2240"]
[BlackElo "2310"]

1.d4 Nf6 2.c4 e6 3.g3 Bb4+ 4.Nd2 O-O 5.Bg2 d5 6.Qc2 Qe7 7.Nf3 Rd8 8.O-O Nc6
9.Nb3 dxc4 10.Qxc4 Bd6 11.Re1 e5 12.d5 Nb4 13.Bg5 h6 14.Bxf6 Qxf6 15.a3 Na6
16.Nfd2 Qe7 17.Rac1 f5 18.e4 Qf7 19.f4 Re8 20.Nf3 fxe4 21.Qxe4 Bf5 22.Qc4 exf4
23.gxf4 Rxe1+ 24.Rxe1 Re8 25.Ne5 Qf6 26.Qb5 Rf8 27.Qxb7 Bc8 28.Qxa7 Qxf4
29.Qe3 Qh4 30.Qg3 Qxg3 31.hxg3 Re8 32.Nf3 Rxe1+ 33.Nxe1 Bxg3 34.Nd3 Bf5 35.Bf1 Be4
36.Ndc1 Nb8 37.Bg2 Bf5 38.Nd4 Bd7 39.b4 g5 40.Nd3 Kf7 41.b5 Kf6 42.a4 Be5
43.Nxe5 Kxe5 44.Nc6+ Bxc6 45.dxc6 Kd6 46.a5 Kc5 47.Bf1 h5 48.Kh2 Nxc6 49.bxc6 Kxc6
50.Kg3 Kb7 51.Kf3 g4+ 52.Kf4 Ka7 53.Be2 c5 54.Bd3 Kb7 55.Bb5 Kc7 56.Bf1 Kc6
57.Bd3 Kb7 58.Kg3 Ka7  1/2-1/2

[Event "Nordic-chT"]
[Site "Slupsk"]
[Date "1987.??.??"]
[Round "2"]
[White "Wegner, Hannu"]
[Black "Welin, Thomas"]
[Result "1/2-1/2"]
[WhiteElo "2370"]
[BlackElo "2415"]

1.d4 e6 2.c4 Nf6 3.g3 Bb4+ 4.Bd2 Be7 5.Bg2 d5 6.Nf3 O-O 7.O-O c6 8.Qc2 Nbd7
9.Bf4 Ne4 10.Nfd2 f5 11.f3 Nxd2 12.Nxd2 Bf6 13.Nb3 dxc4 14.Qxc4 Nb6 15.Qd3 Nd5
16.Bd2 a5 17.e4 a4 18.Nc1 Nc7 19.e5 Bxe5 20.dxe5 Qxd3 21.Nxd3 Rd8 22.Bb4 Rxd3
23.Rfd1 Rxd1+ 24.Rxd1 Nd5 25.Bd6 Kf7 26.f4 Bd7 27.Rd3 Rc8 28.Rd4 Ra8 29.Rd3 Ra5
30.Kf2 Rb5 31.b4 axb3 32.Rxb3 Rxb3 33.axb3 Ne7 34.b4 Nc8 35.Bc5 b6 36.Be3 Ke7
37.Ke2 Kd8 38.Kd3 Kc7 39.Bf3 Ne7 40.Kc4 Bc8 41.Bh5 Ba6+ 42.Kb3 Nd5 43.Bd4 Bd3
44.Bf7 Kd7 45.Bh5 g6 46.Bf3 Be4 47.Be2 Kc7 48.Bc4 Kb7 49.Bxd5 Bxd5+ 50.Kc3 Ka6  1/2-1/2

[Event "Rilton Cup"]
[Site "Stockholm"]
[Date "1987.??.??"]
[Round "?"]
[White "Carlhammar, Magnus"]
[Black "Callergard, Robert"]
[Result "1/2-1/2"]
[WhiteElo "2335"]
[BlackElo "2345"]

1.d4 Nf6 2.c4 e6 3.g3 Bb4+ 4.Bd2 a5 5.Nf3 d5 6.Bg2 Nc6 7.O-O dxc4 8.e3 Rb8
9.a3 Be7 10.a4 Nd5 11.Qe2 Nb6 12.Bc3 Nb4 13.Nbd2 Bd7 14.Nxc4 Nxc4 15.Qxc4 Bc6
16.Ne5 Bxg2 17.Kxg2 Qd5+ 18.Qxd5 exd5 19.Rfc1 c6 20.Rd1 Ra8 21.Nd3 Nxd3 22.Rxd3 Kd7
23.Rdd1 f5 24.h4 Ra6 25.Re1 Re8 26.Re2 Bd6 27.Rc2 h5 28.Kf3 g6 29.b3 Rb6
30.Rb1 Ra8 31.Rcb2 Ba3 32.Ra2 Bb4 33.Rc2 Raa6 34.Bb2 Ra8 35.Bc3 Bd6 36.Rcb2 Bb4
37.Rc2 Bxc3 38.Rxc3 Rb4 39.Rbc1 Ra6 40.Kf4 Ke6 41.Rd1 Rab6 42.Rdd3 Kf6 43.f3 Ra6
44.e4 dxe4 45.fxe4 fxe4 46.Kxe4 Ra8 47.Rc5 Re8+ 48.Kf3 Re1 49.Rxa5 Rb1 50.d5 R1xb3
51.Rxb3 Rxb3+ 52.Kf2 b6 53.Ra6 cxd5 54.a5 Kf5 55.Rxb6 Ra3 56.a6 d4 57.Rd6 Ra2+
58.Kf3 Ra3+ 59.Kf2 Ke4 60.Re6+ Kf5 61.Rd6 Ke4 62.Re6+  1/2-1/2

[Event "Stockholm"]
[Site "Stockholm"]
[Date "1987.??.??"]
[Round "?"]
[White "Carlhammar, Magnus"]
[Black "Kinnmark, Ove"]
[Result "0-1"]
[WhiteElo "2200"]
[BlackElo "2200"]

1.d4 Nf6 2.c4 e6 3.g3 Bb4+ 4.Bd2 c5 5.Bxb4 cxb4 6.Bg2 d5 7.Nd2 Nc6 8.Ngf3 O-O
9.O-O b6 10.Rc1 Bb7 11.Qb3 Qe7 12.Qe3 Rac8 13.Ne5 Rfd8 14.Nxc6 Bxc6 15.cxd5 Nxd5
16.Qb3 a5 17.Nf3 Bb5 18.Rfe1 a4 19.Qd1 a3 20.Qd2 axb2 21.Rxc8 Rxc8 22.Qxb2 Nc3
23.Ne5 Qd6 24.e3 f6 25.Nf3 Bc6 26.Ra1 Bd5 27.Ne1 Bxg2 28.Nxg2 e5 29.dxe5 fxe5
30.h3 h6 31.Kh2 Kh8 32.Nh4 Qf6 33.Rf1 Rc4 34.Ng2 Qd6 35.Qc2 Rc7 36.Rc1 Qf6
37.Qb2 Na4 38.Qd2 Rxc1 39.Qxc1 Qxf2 40.Qc8+ Kh7 41.Qe8 Nc5 42.Qxe5 Qxa2 43.Qf5+ Kh8
44.Qc8+ Kh7 45.Qf5+ Kh8 46.Qc8+ Qg8 47.Qc6 Qe6 48.Qa8+ Kh7 49.h4 b3 50.Nf4 Qe4  0-1

[Event "Stockholm"]
[Site "Stockholm"]
[Date "1987.??.??"]
[Round "?"]
[White "Carlhammar, Magnus"]
[Black "Tibell, I."]
[Result "1/2-1/2"]
[WhiteElo "2200"]
[BlackElo "2200"]

1.d4 Nf6 2.c4 e6 3.g3 Bb4+ 4.Bd2 Qe7 5.Nf3 Nc6 6.Nc3 O-O 7.Bg2 Bxc3 8.Bxc3 Ne4
9.Rc1 d6 10.O-O Nxc3 11.Rxc3 a5 12.c5 e5 13.cxd6 cxd6 14.e3 Bg4 15.h3 Bh5
16.Qa4 e4 17.Nd2 f5 18.Qb5 Be8 19.Qd5+ Kh8 20.a3 a4 21.Rfc1 Ra5 22.Qc4 Bf7
23.Qe2 Bd5 24.Qd1 g5 25.Qc2 Raa8 26.Nc4 Ra6 27.Nd2 Raa8 28.Nc4 Ra6 29.Bf1 f4
30.Nxd6 fxg3 31.fxg3 Nxd4 32.exd4 Rxd6 33.Rc8 Rxc8 34.Qxc8+ Rd8 35.Qf5 Bc6
36.Rd1 Rd5 37.Qc8+ Kg7 38.Bc4 Rd8 39.Qg4 Bd5  1/2-1/2

[Event "BCF-ch"]
[Site "Swansea"]
[Date "1987.??.??"]
[Round "?"]
[White "Conquest, Stuart"]
[Black "Short, Nigel D"]
[Result "0-1"]
[WhiteElo "2395"]
[BlackElo "2620"]

1.d4 Nf6 2.c4 e6 3.g3 Bb4+ 4.Bd2 Be7 5.Bg2 d5 6.Nf3 O-O 7.O-O c6 8.Qc2 Nbd7
9.cxd5 exd5 10.Nc3 Re8 11.Rab1 g6 12.Bg5 Nf8 13.Rbc1 Bf5 14.Qb3 Qb6 15.Nd2 Ne6
16.Bxf6 Bxf6 17.e3 Nc7 18.a3 Qxb3 19.Nxb3 b6 20.Nd2 Rac8 21.b4 Red8 22.Rfd1 Kg7
23.Nb3 Be7 24.Bf1 h5 25.Be2 Ne8 26.Ba6 Rc7 27.Ne2 g5 28.Bd3 Bxd3 29.Rxd3 Nd6
30.Nd2 b5 31.Nb3 Nc4 32.Nc5 a5 33.f3 axb4 34.axb4 Bxc5 35.dxc5 Re8 36.Kf2 Ra7
37.Rc2 Ra1 38.Nc1 f5 39.h4 gxh4 40.gxh4 Kf6 41.Rb3 Rg8 42.Rcc3 Rga8 43.Kg3 Nxe3
44.Rxe3 Rxc1  0-1

[Event "Tashkent"]
[Site "Tashkent"]
[Date "1987.??.??"]
[Round "?"]
[White "Kuzmin, Gennadi P"]
[Black "Rashkovsky, Nukhim N"]
[Result "1/2-1/2"]
[WhiteElo "2470"]
[BlackElo "2470"]

1.d4 Nf6 2.c4 e6 3.g3 Bb4+ 4.Bd2 Bxd2+ 5.Nxd2 d6 6.Ngf3 O-O 7.Bg2 Qe7 8.O-O e5
9.e4 c5 10.d5 Ng4 11.Nh4 Nh6 12.Qc2 g6 13.Rae1 Nd7 14.Qc1 Kg7 15.Re2 b5 16.cxb5 a6
17.a4 axb5 18.axb5 Nb6 19.Re3 Bd7 20.Rb3 Ra5 21.Qc3 Rfa8 22.Ra3 Rxb5 23.Rfa1 Rxa3
24.bxa3 Na4 25.Qc2 Rb2 26.Qc1 Bb5 27.Rb1 Rxb1 28.Nxb1 Qa7 29.Nf3 c4 30.Bh3 Nc5
31.Qe3 Bd7 32.Bxd7 Qxd7 33.Nxe5 Qb5 34.Nc3 Qb3 35.Nc6 Qxa3 36.h3 f6 37.Qd4 Nf7
38.Qxc4 Qc1+ 39.Kg2 Nxe4 40.Qxe4 Qxc3 41.Qe6 f5 42.h4 Ne5 43.Qe7+ Kg8  1/2-1/2

[Event "Zenica"]
[Site "Zenica"]
[Date "1987.??.??"]
[Round "?"]
[White "Flear, Glenn C"]
[Black "Subasic, Ilijas"]
[Result "1-0"]
[WhiteElo "2495"]
[BlackElo "2335"]

1.d4 Nf6 2.c4 e6 3.g3 Bb4+ 4.Bd2 Bxd2+ 5.Qxd2 O-O 6.Bg2 d5 7.Nf3 Nbd7 8.O-O c5
9.cxd5 exd5 10.Nc3 Re8 11.dxc5 Nxc5 12.Rfd1 Be6 13.Ng5 h6 14.Nxe6 fxe6 15.Rac1 Rc8
16.b4 Na6 17.a3 Nc7 18.e4 Qd7 19.exd5 Ncxd5 20.Nxd5 exd5 21.Rxc8 Rxc8 22.Bxd5+ Nxd5
23.Qxd5+ Qxd5 24.Rxd5 Rc7 25.Rf5 Rc3 26.a4 Rc4 27.Rb5 b6 28.Kf1 Kh7 29.Ke1 Rc2
30.Rf5 Ra2 31.a5 bxa5 32.bxa5 Ra4 33.f3 Ra2 34.h4 Kg6 35.g4 Kh7 36.h5 Kg8
37.Kd1 Rg2 38.Kc1 Re2 39.Kb1 Rf2 40.Ka1 Rg2 41.Kb1 a6 42.Rc5 Rf2 43.Rc6 Rxf3
44.Rxa6 Ra3 45.Kb2 Ra4 46.Kb3 Rxg4 47.Rb6 Rg5 48.a6 Ra5 49.Kb4 Ra1 50.Kb5 Kf7
51.Rc6 Rb1+ 52.Kc5 Rc1+ 53.Kb6 Rb1+ 54.Kc7 Ra1 55.Kb7  1-0

[Event "Zenica"]
[Site "Zenica"]
[Date "1987.??.??"]
[Round "?"]
[White "Flear, Glenn C"]
[Black "Kobas, Adnan"]
[Result "1-0"]
[WhiteElo "2495"]
[BlackElo "2335"]

1.d4 Nf6 2.c4 e6 3.g3 Bb4+ 4.Bd2 Be7 5.Bg2 O-O 6.Nf3 d5 7.O-O Ne4 8.Nc3 c6
9.Qc2 f5 10.e3 Bd7 11.Ne2 g5 12.Nc1 Be8 13.Ne5 Nd7 14.Ncd3 Bd6 15.Bb4 Bxb4
16.Nxd7 Qxd7 17.Nxb4 f4 18.exf4 gxf4 19.Nd3 Bg6 20.Bxe4 Bxe4 21.Nc5 Bxc2
22.Nxd7 Rfd8 23.Nc5 dxc4 24.Nxe6 Rd6 25.Nxf4 Rxd4 26.Rfe1 b5 27.a3 a5 28.Kg2 c5
29.Re5 Rc8 30.Rae1 b4 31.axb4 axb4 32.Ne6 Rd1 33.Rxd1 Bxd1 34.Rxc5 Rxc5 35.Nxc5 Kf7
36.Kf1 Ke7 37.Ke1 Bf3 38.Kd2 Kd6 39.Na6 b3 40.Kc3 Ke5 41.Nc7 Be2 42.Nb5 Ke4
43.f4 h5 44.Nd6+ Kd5 45.Nf7 Bd1 46.Ne5 Be2 47.Nd7 Kd6 48.Nf6 Ke6 49.Ne4 Kd5
50.Nd2 Bd3 51.Nxb3 Bf1 52.Nd2 Be2 53.Nb1 Ke4 54.Na3 Kf3 55.f5 Bd3 56.f6 Bg6
57.Nxc4 Kg2 58.Ne5 Be8 59.f7 Bxf7 60.Nxf7 Kxh2 61.b4 Kxg3 62.Ng5 Kf4 63.b5  1-0

[Event "Akureyri"]
[Site "Akureyri"]
[Date "1988.??.??"]
[Round "?"]
[White "Tisdall, Jonathan D"]
[Black "Polugaevsky, Lev"]
[Result "0-1"]
[WhiteElo "2425"]
[BlackElo "2575"]

1.d4 Nf6 2.c4 e6 3.g3 Bb4+ 4.Bd2 Be7 5.Bg2 d5 6.Nf3 c6 7.Qc2 O-O 8.O-O b6
9.Bf4 Bb7 10.Rd1 Nbd7 11.cxd5 cxd5 12.Nc3 Rc8 13.Rac1 b5 14.Qb3 a6 15.Ne5 Nxe5
16.Bxe5 Nd7 17.Bf4 Nb6 18.Nb1 Nc4 19.Rc2 Qb6 20.Qd3 a5 21.Rdc1 Bf6 22.b3 g5
23.Be3 Nxe3 24.fxe3 Rxc2 25.Rxc2 Rc8 26.Rxc8+ Bxc8 27.Qc3 Bd7 28.b4 axb4
29.Qxb4 Qc6 30.e4 Qc4 31.Qxc4 dxc4 32.e5 Bd8 33.a3 Ba5 34.Kf2 b4 35.axb4 Bxb4
36.Ke3 c3 37.Kd3 Bb5+  0-1

[Event "URS-ch otbor56"]
[Site "Barnaul"]
[Date "1988.??.??"]
[Round "?"]
[White "Zaichik, Gennadi"]
[Black "Zagrebelny, Sergey"]
[Result "1/2-1/2"]
[WhiteElo "2510"]
[BlackElo "2320"]

1.d4 Nf6 2.c4 e6 3.g3 Bb4+ 4.Nd2 c5 5.a3 Bxd2+ 6.Qxd2 cxd4 7.Nf3 b6 8.Bg2 Bb7
9.Qxd4 Nc6 10.Qh4 Ne7 11.Bg5 Nf5 12.Qf4 h6 13.Bxf6 Qxf6 14.O-O O-O 15.Rad1 Rfd8
16.Rd2 Rac8 17.Rfd1 d6 18.h4 Re8 19.b3 e5 20.Qg4 Rcd8 21.e4 Ne7 22.Ne1 Nc6
23.Nc2 Bc8 24.Qe2 g5 25.hxg5 hxg5 26.Bf3 Qe6 27.Rd3 Kg7 28.Qd2 Qf6 29.Bg2 Bg4
30.f3 Be6 31.Qf2 Bc8 32.Qd2 Be6 33.Qf2 Bc8 34.Ne3 Rh8 35.Qd2 Nd4 36.Rxd4 exd4
37.Nd5 Qe5 38.f4 gxf4 39.gxf4 Qh5 40.Qxd4+ Kf8 41.Rd3 Qh2+ 42.Kf1 Rg8 43.Qf2 Be6
44.Nc3 f6 45.Nb5 Rd7 46.Nd4 Bg4 47.f5 Ke8 48.Ne6 Qe5 49.Nf4 Rh7 50.Ng6 Qa1+
51.Qe1 Qxe1+ 52.Kxe1 Bh5 53.Nf4 Bf7 54.Kf2 Rh4 55.Ne2 Rh2 56.Ng3 Ke7 57.Kg1 Rh4
58.Kf2 Rhg4 59.Bf1 Rf4+ 60.Ke3 Rfg4 61.Kf2 Rh8 62.Bg2 Rhg8 63.Bf1  1/2-1/2

[Event "Berlin op"]
[Site "Berlin-West"]
[Date "1988.??.??"]
[Round "1"]
[White "Manor, Ilan"]
[Black "Zorman, Vojko"]
[Result "1-0"]
[WhiteElo "2430"]
[BlackElo "2285"]

1.d4 Nf6 2.c4 e6 3.g3 Bb4+ 4.Bd2 Bxd2+ 5.Qxd2 c5 6.Bg2 cxd4 7.Nf3 Qc7 8.Nxd4 a6
9.O-O O-O 10.b3 Rd8 11.Nc3 d6 12.Rac1 Bd7 13.Rfd1 Nc6 14.Nd5 exd5 15.cxd5 Nxd5
16.Bxd5 Qb6 17.Qf4 Ne5 18.Nf5 Bxf5 19.Qxf5 g6 20.Qe4 Rd7 21.Qd4 Qd8 22.Kg2 Rc8
23.Qe4 Rcc7 24.h4 Qc8 25.Rxc7 Rxc7 26.h5 Kg7 27.hxg6 hxg6 28.Rh1 Ng4 29.Qf4 Qf5
30.Be4 Qxf4 31.gxf4 Nf6 32.Bd3 Nd5 33.e3 Kf6 34.Rd1 Nc3 35.Rd2 b5 36.a3 a5
37.b4 axb4 38.axb4 d5 39.Rc2 Ke6 40.Kf3 Kd6 41.Rc1 f5 42.Rg1 Rg7 43.Bxf5 Na2
44.Bxg6 Nxb4 45.Ke2 Nc6 46.f5 Ke5 47.Rb1 Ne7 48.f4+ Kf6 49.Rxb5 Nxg6 50.fxg6 Rd7
51.Rb6+ Kf5 52.Kf3 Re7  1-0

[Event "US op"]
[Site "Boston"]
[Date "1988.??.??"]
[Round "?"]
[White "Wharton, William"]
[Black "Peters, John A"]
[Result "0-1"]
[WhiteElo "2235"]
[BlackElo "2495"]

1.d4 Nf6 2.c4 e6 3.g3 Bb4+ 4.Bd2 Be7 5.Bg2 d5 6.Nf3 O-O 7.O-O c6 8.Qb3 Nbd7
9.Nc3 Nb6 10.cxd5 exd5 11.Na4 Nc4 12.Bb4 Re8 13.Rfe1 Ne4 14.Bxe7 Qxe7 15.Qc2 Qf6
16.Nc3 Bf5 17.Nxe4 Bxe4 18.Qc3 Re6 19.Nd2 Nxd2 20.Qxd2 Rae8 21.b4 h5 22.h4 Qe7
23.Bh3 Rg6 24.Kh2 Rf6 25.Rf1 Bf5 26.Bxf5 Rxf5 27.Rae1 Rf6 28.Kg2 Qe4+ 29.Kh2 Qg4
30.f3 Qd7 31.e3 Rfe6 32.Kg2 Qe7 33.Kf2 a5 34.bxa5 Qa3 35.Re2 Ra8 36.Rb1 Re7
37.Rb3 Qxa5 38.Qxa5 Rxa5 39.Reb2 b5 40.Rc3 Re6 41.Rbc2 Ra6 42.Ke2 Kf8 43.Kd3 Rg6
44.Rg2 Rf6 45.Rf2 Ra4 46.e4 dxe4+ 47.Kxe4 Re6+ 48.Kd3 Rd6 49.Rfc2 Rdxd4+
50.Ke3 Rdc4 51.Rxc4 bxc4 52.Kd4 Ke7 53.Rxc4 Rxa2 54.Ke5 Re2+ 55.Kf4 Kd6 56.Rd4+ Ke6
57.Ra4 Rd2 58.Re4+ Kd7 59.g4 hxg4 60.fxg4 c5 61.h5 f6 62.Ra4 Ke6 63.Ra6+ Rd6
64.Ra2 Rd4+ 65.Kf3 Rd7 66.Ra6+ Ke5 67.Ra5 Kd4 68.Ra6 Rf7 69.Kf4 c4 70.Kf5 c3
71.Rc6 Rd7 72.h6  0-1

[Event "ARG-ch"]
[Site "Buenos Aires"]
[Date "1988.??.??"]
[Round "?"]
[White "Glavina, Pablo"]
[Black "Bronstein, Luis"]
[Result "0-1"]
[WhiteElo "2240"]
[BlackElo "2405"]

1.d4 Nf6 2.c4 e6 3.g3 Bb4+ 4.Nd2 c5 5.dxc5 Bxc5 6.Bg2 Nc6 7.Ngf3 b6 8.O-O Bb7
9.a3 a5 10.Nb3 Be7 11.Bf4 O-O 12.Ne5 Nxe5 13.Bxb7 Ra7 14.Bxe5 Rxb7 15.Bd6 Ne4
16.Bxe7 Qxe7 17.Qd3 f5 18.Nd4 Nc5 19.Qc3 a4 20.Nb5 Re8 21.Rad1  0-1

[Event "Calcutta"]
[Site "Calcutta"]
[Date "1988.??.??"]
[Round "?"]
[White "Mishra, Neeraj Kumar"]
[Black "Hernandez, Roman"]
[Result "0-1"]
[WhiteElo "2335"]
[BlackElo "2445"]

1.d4 Nf6 2.c4 e6 3.g3 Bb4+ 4.Bd2 Qe7 5.Bg2 O-O 6.Nf3 Bxd2+ 7.Nbxd2 d6 8.O-O e5
9.e4 Bg4 10.Qc2 Re8 11.Rfe1 a5 12.h3 Bxf3 13.Nxf3 Nc6 14.Rad1 Nb4 15.Qb1 a4
16.Re3 g6 17.b3 c5 18.d5 axb3 19.Rxb3 Nxa2 20.Rxb7 Qd8 21.Rb3 Qa5 22.Rdd3 Nxe4
23.Ra3 Nec3 24.Rxa5 Nxb1 25.Rxa8 Rxa8 26.Rb3 Na3 27.Nxe5 Nc1 28.Rb7 dxe5
29.d6 Rd8 30.Bd5 Rxd6 31.Bxf7+ Kf8  0-1

[Event "Copenhagen AS04"]
[Site "Copenhagen"]
[Date "1988.??.??"]
[Round "?"]
[White "Hansen, Lars Bo"]
[Black "Rozentalis, Eduardas"]
[Result "1-0"]
[WhiteElo "2455"]
[BlackElo "2490"]

1.d4 Nf6 2.c4 e6 3.g3 Bb4+ 4.Bd2 Bxd2+ 5.Qxd2 O-O 6.Bg2 d6 7.Nf3 Qe7 8.Nc3 c6
9.Rd1 Nbd7 10.O-O Re8 11.Ne1 e5 12.Nc2 Nf8 13.Ne3 Ng4 14.dxe5 dxe5 15.Ne4 Be6
16.Nd6 Red8 17.Nxg4 Bxg4 18.c5 Rd7 19.b4 Rad8 20.Qe3 Ng6 21.Rd2 Be6 22.Rfd1 f5
23.f4 exf4 24.gxf4 Nh4 25.Bh1 h6 26.b5 cxb5 27.Bxb7 Kh7 28.Bc8 Qf6 29.Bxd7 Rxd7
30.Nxb5 Rxd2 31.Rxd2 Qa1+ 32.Kf2 Bxa2 33.Qc3 Qb1 34.Rd7  1-0

[Event "Debrecen"]
[Site "Debrecen"]
[Date "1988.??.??"]
[Round "?"]
[White "Haba, Petr"]
[Black "Schneider, Attila"]
[Result "1-0"]
[WhiteElo "2475"]
[BlackElo "2420"]

1.d4 Nf6 2.c4 e6 3.g3 Bb4+ 4.Nd2 d5 5.Nf3 O-O 6.Bg2 dxc4 7.Qc2 b5 8.a4 c6
9.axb5 cxb5 10.Ng5 h6 11.Nxf7 Rxf7 12.Bxa8 Qxd4 13.O-O Bc5 14.Nf3 Qd6 15.Bf4 Qb6
16.Ne5 Rf8 17.Qg6 Bd4 18.Rad1 Bxb2 19.Bxh6 Ne8 20.Bf4 Nf6 21.Nf3 Bd7 22.Rd6 Qc5
23.Rfd1 c3 24.Ng5 Qf5 25.Qxf5 exf5 26.Be5 Ng4 27.Bd5+ Kh8 28.Rd4 f4 29.Rxf4 Rxf4
30.Bxf4 Ba3 31.Nf7+ Kh7 32.Ng5+ Kh8 33.Nf7+ Kh7 34.Be4+ Kg8 35.Rd3 Kxf7 36.Bxb8 Nf6
37.Rxc3 b4 38.Rc7 a5 39.Bc2 Ke8 40.Ra7 Bb2 41.Rxa5  1-0

[Event "Eger op"]
[Site "Eger"]
[Date "1988.??.??"]
[Round "?"]
[White "Kohlweyer, Bernd"]
[Black "Rashkovsky, Nukhim N"]
[Result "1/2-1/2"]
[WhiteElo "2325"]
[BlackElo "2490"]

1.d4 Nf6 2.c4 e6 3.g3 Bb4+ 4.Nd2 d5 5.Bg2 O-O 6.Nf3 c5 7.cxd5 exd5 8.dxc5 Bxc5
9.O-O Nc6 10.a3 a5 11.Nb3 Ba7 12.Nbd4 Bg4 13.Be3 Re8 14.Rc1 Qd7 15.Rc2 Bxf3
16.exf3 h6 17.Nxc6 Bxe3 18.Nxa5 Bxf2+ 19.Kxf2 Rxa5 20.Qd3 d4 21.Re1 Rxe1
22.Kxe1 Re5+ 23.Re2 Rd5 24.Kf2 Rd6 25.Rc2 g5 26.Bf1 Kg7 27.Rc4 b6 28.Rc2 Qe6
29.Re2 Qd5 30.Bh3 Rc6 31.Rd2 Qe5 32.Re2 Qd5 33.Rd2 Qe5 34.Re2 Qc5 35.Rd2 Rd6
36.Rc2 Qe5 37.Re2 Qd5 38.Rd2 Qa5 39.Re2 Qa4 40.Rd2 Rd5 41.Bf1 Qd7 42.Bg2 Rd6
43.Re2 Qa4 44.Rd2 Rd5 45.Bh3 Rb5 46.Bf5 Rd5 47.Bh3 Rd6 48.Bf5 Qa5 49.Bh3 Rd5
50.Re2 Qc5 51.Rc2 Qd6 52.Rd2 h5 53.Bf5 Qe5 54.Be4 Rd8 55.Re2 h4 56.Bf5 hxg3+
57.hxg3 Qd5 58.Bh3 Qc5 59.Rc2 Qa5 60.Re2 Rd5 61.Rc2 Qa8 62.Bf5 Qb8 63.Be4 Rd6
64.Qb5 Nxe4+ 65.fxe4 Qd8 66.Qe5+ Qf6+ 67.Qxf6+ Kxf6 68.Rc7 Ke5 69.Rxf7 Kxe4
70.Ke2 Rh6 71.Re7+ Kd5 72.Kd3 Rh3 73.Rd7+ Kc5 74.Rc7+ Kb5 75.Kxd4 Rxg3 76.Rg7 Rg1
77.Rg6 Rd1+ 78.Kc3 Rd5 79.a4+  1/2-1/2

[Event "Groningen op"]
[Site "Groningen"]
[Date "1988.??.??"]
[Round "?"]
[White "Vanheste, Jeroen"]
[Black "Dizdar, Goran"]
[Result "1-0"]
[WhiteElo "2370"]
[BlackElo "2490"]

1.d4 Nf6 2.c4 e6 3.g3 Bb4+ 4.Bd2 c5 5.d5 exd5 6.Bxb4 cxb4 7.cxd5 O-O 8.Bg2 d6
9.Nf3 Na6 10.O-O Re8 11.Nfd2 Bg4 12.Re1 Rc8 13.Nb3 Bf5 14.Qd4 Rc2 15.N1d2 Qc7
16.e4 Bd7 17.Rac1 Rxc1 18.Rxc1 Qb8 19.f4 Bb5 20.Re1 b6 21.e5 Nd7 22.e6 Ndc5
23.Re3 Qc8 24.f5 Qd8 25.Bf1 Bxf1 26.Kxf1 Qc8 27.Nc4 Qc7 28.Qf4 fxe6 29.fxe6 Nb7
30.Rf3 Rc8 31.Ne3 Nbc5 32.Nf5 Nxb3 33.axb3 Qc1+ 34.Qxc1 Rxc1+ 35.Kg2 g6 36.Nxd6 Nc7
37.e7 Rd1 38.Nb5 Rd2+ 39.Kh3 Ne8 40.Rf8+ Kg7 41.Rxe8  1-0

[Event "Hamburg-ch"]
[Site "Hamburg"]
[Date "1988.??.??"]
[Round "?"]
[White "Kunsztowicz, Uwe"]
[Black "Reddmann, Hauke"]
[Result "0-1"]
[WhiteElo "2305"]
[BlackElo "2280"]

1.d4 Nf6 2.c4 e6 3.g3 Bb4+ 4.Bd2 Qe7 5.Bg2 Nc6 6.Nf3 Bxd2+ 7.Nbxd2 d6 8.O-O O-O
9.e4 e5 10.d5 Nd8 11.Ne1 Ng4 12.Qb3 b6 13.h3 Nh6 14.Nd3 f5 15.f4 fxe4 16.Nxe4 Ndf7
17.Qc3 exf4 18.Nxf4 Ne5 19.Rae1 Bf5 20.g4 Bd7 21.b3 Rae8 22.Qg3 Qd8 23.Kh2 Nhf7
24.g5 Ng6 25.Nxg6 hxg6 26.h4 Ne5 27.Kg1 Rxf1+ 28.Rxf1 Rf8 29.Rxf8+ Qxf8 30.Nc3 a6
31.Be4 b5 32.c5 b4 33.Nd1 Bf5 34.Bg2 Bb1 35.Nf2 Qf5 36.cxd6 cxd6 37.Kh1 a5
38.Qe3 Qc2 39.Qf4 Qxa2 40.Bh3 Qe2 41.Kg1 Kh7 42.Bg2 Bc2 43.Qf8 Qe1+ 44.Bf1 a4
45.h5 gxh5 46.Qf4 axb3 47.g6+ Bxg6 48.Nh3 b2 49.Ng5+ Kg8  0-1

[Event "ISR-ch"]
[Site "Israel"]
[Date "1988.??.??"]
[Round "?"]
[White "Birnboim, Nathan"]
[Black "Avni, Amatzia"]
[Result "1/2-1/2"]
[WhiteElo "2365"]
[BlackElo "2310"]

1.d4 e6 2.c4 Nf6 3.g3 Bb4+ 4.Nd2 d5 5.Bg2 Nc6 6.Nf3 dxc4 7.O-O Bxd2 8.Qxd2 O-O
9.a4 a5 10.Qc3 Nb4 11.Ne5 Nfd5 12.Qxc4 b6 13.Qb3 Ba6 14.Re1 c5 15.dxc5 Qc7
16.Bf4 bxc5 17.Ng6 Nxf4 18.Nxf4 Rab8 19.Qc3 e5 20.Nd5 Nxd5 21.Bxd5 c4 22.Rac1 Rfc8
23.e4 Rb4 24.Re3 Kh8 25.b3 Rxb3 26.Qxb3 cxb3 27.Rxc7 Rxc7 28.Rxb3 g6 29.h4 Kg7
30.Kg2 Bc4 31.Rb8 Bxd5 32.exd5 Rc4 33.d6 Rd4 34.Rb5 Kf6 35.Rxa5 Rxd6 36.Rb5 Rd3
37.a5 Ra3 38.Rb6+ Ke7 39.a6 f5 40.Rb7+ Kf6 41.a7 h5 42.Kf1 f4 43.gxf4  1/2-1/2

[Event "UKR-ch"]
[Site "Lvov"]
[Date "1988.??.??"]
[Round "8"]
[White "Levin, Felix"]
[Black "Karpman, Vadim"]
[Result "1-0"]
[WhiteElo "2320"]
[BlackElo "2490"]

1.d4 Nf6 2.c4 e6 3.g3 Bb4+ 4.Bd2 Be7 5.Bg2 d5 6.Nf3 O-O 7.O-O c6 8.Qc2 Nbd7
9.Bf4 Ne4 10.Nc3 f5 11.Rad1 g5 12.Bc1 Kh8 13.Ne1 Nxc3 14.Qxc3 Bf6 15.b3 Qe7
16.Nc2 Rg8 17.Ba3 Qf7 18.Bd6 Nf8 19.e3 Ng6 20.f4 Bd7 21.Ne1 Rg7 22.Nf3 h6
23.b4 Rag8 24.a4 Nh4 25.Ne5 Qh5 26.Bh1 Ng6 27.Bf3 Qh3 28.Bg2 Qh5 29.Nd3 Nh4
30.Rd2 Nxg2 31.Rxg2 Be8 32.Be5 Qf7 33.c5 Kh7 34.fxg5 hxg5 35.g4 Bd7 36.Bxf6 Qxf6
37.Ne5 Rh8 38.Qd3 Rf8 39.Rgf2 Bc8 40.b5 cxb5 41.axb5 Kg8 42.Ra1 a6 43.bxa6 bxa6
44.Rb1 Rh7 45.Rb6 Qd8 46.gxf5 exf5 47.Qb3 f4 48.Rd6 Qa5 49.Qxd5+ Kg7 50.Rg6+ Kh8
51.Nc4 Qc7 52.Qxg5 Bf5 53.Qxf4  1-0

[Event "Lyngby op"]
[Site "Lyngby"]
[Date "1988.??.??"]
[Round "4"]
[White "Carlhammar, Magnus"]
[Black "Luik, Helmuth"]
[Result "0-1"]
[WhiteElo "2245"]
[BlackElo "2345"]

1.d4 Nf6 2.c4 e6 3.g3 Bb4+ 4.Bd2 Bxd2+ 5.Qxd2 O-O 6.Nf3 d6 7.Bg2 Nbd7 8.Nc3 Qe7
9.O-O c6 10.e4 e5 11.h3 Re8 12.Rad1 a5 13.Rfe1 a4 14.Kh2 Nb6 15.Bf1 Nfd7
16.d5 c5 17.Nh4 Nf6 18.Nb5 Kh8 19.f4 exf4 20.Qxf4 g5 21.Qxd6 gxh4 22.Qxb6 hxg3+
23.Kg1 g2 24.Bxg2 Bxh3 25.Bxh3 Rg8+ 26.Bg2 Rxg2+ 27.Kxg2 Rg8+ 28.Kf1 Nh5
29.Rd2 Ng3+ 30.Kf2 Qg5 31.Re3 Qf4+ 32.Ke1 Qf1+  0-1

[Event "Lyngby op"]
[Site "Lyngby"]
[Date "1988.??.??"]
[Round "7"]
[White "Sorensen, Henrik"]
[Black "Szekely, Peter"]
[Result "0-1"]
[WhiteElo "2265"]
[BlackElo "2420"]

1.d4 Nf6 2.c4 e6 3.g3 Bb4+ 4.Bd2 Be7 5.Nc3 d5 6.Bg2 O-O 7.Nf3 dxc4 8.Qa4 a6
9.Qxc4 b5 10.Qd3 Bb7 11.a3 c5 12.O-O Nbd7 13.Bf4 Rc8 14.dxc5 Nxc5 15.Qxd8 Rfxd8
16.Rad1 Nd5 17.Nxd5 Bxd5 18.Be5 Na4 19.b4 Nb6 20.Ba1 Nc4 21.Rd3 Kf8 22.Rc1 Bb7
23.Rcd1 Nxa3 24.Bd4 Nc2 25.Bc5 Rxd3 26.Rxd3 Bxc5 27.bxc5 Bxf3 28.Rxf3 Rxc5
29.Bh3 Ke7 30.Rd3 a5 31.e4 a4 32.Bf1 a3 33.Rd1 a2 34.Bd3 a1=Q  0-1

[Event "Montpellier"]
[Site "Montpellier"]
[Date "1988.??.??"]
[Round "6"]
[White "Vincent, Stephane"]
[Black "Pira, Davoud"]
[Result "1-0"]
[WhiteElo "2270"]
[BlackElo "2330"]

1.d4 Nf6 2.c4 e6 3.g3 Bb4+ 4.Bd2 Qe7 5.Bg2 Nc6 6.Nf3 Bxd2+ 7.Nbxd2 O-O 8.O-O d6
9.e3 a5 10.Rc1 e5 11.d5 Nd8 12.Ne1 e4 13.Nc2 Bg4 14.Qe1 c5 15.Na3 Re8 16.Nb5 b6
17.a4 Qd7 18.Nc3 Bh3 19.Ndxe4 Nxe4 20.Bxe4 Bxf1 21.Qxf1 f5 22.Qh3 g6 23.Bd3 Ra7
24.e4 fxe4 25.Qxd7 Rxd7 26.Nxe4 Kg7 27.f3 Nf7 28.Kf2 h6 29.h4 Ne5 30.Bc2 Ng4+
31.Kg2 Nf6 32.Bd3 Nxe4 33.Bxe4 g5 34.g4 Rde7 35.h5 Kf6 36.Kf2 Rxe4 37.fxe4 Rxe4
38.Kf3 Rf4+ 39.Kg3 Rxc4 40.Rxc4  1-0